=LDR 00000nam 2200000 4500 =001 INLIS000000000046056 =005 20150213140125.0 =006 =007 =008 =020 ##$$a 978.602.8552.56-1 =035 ##$$0010-021500000000617 =040 ##$$a NBPDMAT =082 ##$$a 500.5 =090 ##$$a 500.5 Ati m =100 ##$$a Ati Novianti Fatonah =245 ##$$a Mengenai antariksa / Ati Novianti Fatonah =260 ##$$a Banten$bTalenta Pustaka Indonesia$c2011 =300 ##$$a iv, 52 hlm. : ilus. ; 24 cm =500 ##$$a Indeks hlm : 50 =500 ##$$a Bibliografi hlm : 52 =650 ##$$a Antariksa =850 ##$$a NBPDMAT =990 ##$$a 0001/BPAP-NTB/2015